|
|
|
|
| LEADER |
00000nam a2200000Ia 4500 |
| 008 |
160519b2004 cr ||||| |||| 00| | spa d |
| 090 |
|
|
|a 19.02.08
|b 659
|
| 100 |
1 |
|
|a Roldán Santamaría, Leda María
|9 1179
|
| 245 |
1 |
0 |
|a Actualización del Plan de Estudios de la Licenciatura en la Enseñanza de las Ciencias /
|c Leda Roldán Santamaría
|
| 260 |
|
|
|a San José, Costa Rica :
|b IIMEC,
|c 2004
|
| 300 |
|
|
|a 44 páginas
|
| 500 |
|
|
|a Informe Final del Proyecto de Investigación N° 724-A3-051
|
| 520 |
|
|
|a Esta investigación pretende evaluar el Plan de estudios para la formación de Licenciados en la Enseñanza de la Física, la Química y la Biología y determinar así las necesidades de dicho plan.Asimismo identificar los cambios que requiere el actual plan
|
| 650 |
1 |
4 |
|a ENSEÑANZA DE LAS CIENCIAS
|9 996
|
| 650 |
1 |
4 |
|a BIOLOGÍA
|9 40
|
| 650 |
1 |
4 |
|a FÍSICA
|9 673
|
| 650 |
1 |
4 |
|a QUÍMICA
|9 992
|
| 650 |
1 |
4 |
|a FORMACIÓN DE DOCENTES
|9 9
|
| 942 |
|
|
|i 001061
|h 19.02.08 659
|2 z
|c 04
|
| 999 |
|
|
|c 2376
|d 2376
|